Online
Catalog

Interculturalidad iguales en dignidad construyamos la comunidad = (Record no. 43642)

MARC details
000 -CABECERA
campo de control de longitud fija 00802nam a2200169 a 4500
001 - NÚMERO DE CONTROL
campo de control 000044153
005 - FECHA Y HORA DE LA ÚLTIMA TRANSACCIÓN
campo de control 20201002045200.0
008 - DATOS DE LONGITUD FIJA--INFORMACIÓN GENERAL
campo de control de longitud fija 140602s2004 dr a 000 0 spa d
040 ## - FUENTE DE LA CATALOGACIÓN
Centro catalogador/agencia de origen DO-SdBNP
Lengua de catalogación spa
Centro/agencia transcriptor BNPHU
041 17 - CÓDIGO DE LENGUA
Código de lengua del texto/banda sonora o título independiente spa
Código de lengua original eng
245 00 - MENCIÓN DE TÍTULO
Título Interculturalidad iguales en dignidad construyamos la comunidad =
Resto del título Entékiltiralite Egal Nan diyite, nap konstwi kominote ya ; cuaderno de actividades para niños y niñas = keye aktivite pou tifi ak ti gason /. /
Mención de responsabilidad, etc. Lissete Núñez Valdez.
246 13 - FORMA VARIANTE DE TÍTULO
Título propio/Titulo breve Entékiltiralite egal nan diyite, nap konstwi kominote ya
246 13 - FORMA VARIANTE DE TÍTULO
Título propio/Titulo breve cuaderno de actividades para niños y niñas = keye aktivite pou tifi ak ti gason /
260 ## - PUBLICACIÓN, DISTRIBUCIÓN, ETC.
Lugar de publicación, distribución, etc. Santo Domingo :
Nombre del editor, distribuidor, etc. Centro Bonó,
Fecha de publicación, distribución, etc. 19.
300 ## - DESCRIPCIÓN FÍSICA
Extensión 35 p. ;
Dimensiones 27 cm.
710 2# - PUNTO DE ACCESO ADICIONAL--NOMBRE DE ENTIDAD CORPORATIVA
Nombre de entidad corporativa o nombre de jurisdicción como elemento de entrada Servicio Jesuita A Refugiados/as y Migrantes
9 (RLIN) 72167
Holdings
Estado de retiro Estado de pérdida No para préstamo Código de colección Localización permanente Ubicación/localización actual Ubicación en estantería Fecha de adquisición Número de inventario Total de préstamos Signatura topográfica completa Código de barras Fecha visto por última vez Precio válido a partir de Tipo de ítem Koha Número de copia
    Excluido de préstamo Patrimonio Dominicano Patrimonio Dominicano Patrimonio Dominicano En catalogación 02.06.2014 LF1   44153-10 25.06.2020 25.06.2020 Libro y Folleto Colección Patrimonio Dominicano  
    Excluido de préstamo Patrimonio Dominicano Patrimonio Dominicano Patrimonio Dominicano En catalogación 02.06.2014 LF1   44153-20 25.06.2020 25.06.2020 Libro y Folleto Colección Patrimonio Dominicano e. 2

Powered by Koha